01412naa a2200241 i 45000010005000000030009000050050017000140080041000310400029000720800011001011000118001122450189002306500026004196500037004456500016004827000118004987000120006167730197007368560111009338560098010449420013011429990015011559454KOSZ 00520190606151717.0180328s2012 pl a f |000 0 pol  aKOSZ 005/HRcKOSZ 005/HR a621.92 aNADOLNY, Krzysztof.bPolitechnika Koszalińska - Wydział Mechaniczny,cKatedra Inżynierii Produkcjid2006 - .1 aMetody oceny stanu czynnej powierzchni ściernic w procesie szlifowania materiałów trudno skrawalnych /cKrzysztof Nadolny, Jarosław Plichta, Wojciech Kapłonek, Michał Radowski. 0aMateriały ścierne. 0aMateriały twarde i supertwarde. 4aSzlifowanie aPLICHTA, Jarosław.bPolitechnika Koszalińska - Wydział Mechaniczny,cKatedra Inżynierii Produkcjid1996 - . aKAPŁONEK, Wojciech.bPolitechnika Koszalińska - Wydział Mechaniczny, cKatedra Inżynierii Produkcjid2008 - .0 iW :tWysoko efektywne szlifowanie materiałów trudno skrawalnych. -dKoszalin : Wydaw. Uczelniane Politechniki Koszalińskiej, 2012. -gs. 59-81kMonografia Wydziału Mechanicznego ; nr 225 uhttp://dlibra.tu.koszalin.pl/dlibra/docmetadata?id=962&from=&dirids=1&ver_id=&lp=1&QI=yBiblioteka Cyfrowa uhttp://koha.tu.koszalin.pl/cgi-bin/koha/opac-detail.pl?biblionumber=61606yKatalog online BPK 2UKDcROZ c9454d9454